000 00683nam a2200289Ia 4500
005 20260324133509.0
008 008 260324s9999 xx 000 0 eng d
020 _a9780203048245
037 _aEBOOK
040 _aCRL
040 _beng
040 _cCRL
041 _2eng
041 _aeng
084 _qCRL
100 _aBob McKercher; Thomas Bauer
_91193324
245 0 _aSex and Tourism
245 0 _bJourneys of Romance, Love, and Lust
260 _bTaylor and Francis
260 _c2003
365 _a
365 _b290
856 _uhttp://www.taylorfrancis.com/books/9780203048245
942 _cEBOOK
999 _c1792399
_d1792399